Villes du Brandebourg - Statistiques

Statistiques générales
  • Ce quiz a été pris 8 fois
  • Le résultat moyen est 3 sur 19
Statistiques - réponses
Ville Population % Correct
Potsdam 185 750
75%
Frankfurt an der Oder 58 230
63%
Brandenburg an der Havel 72 461
50%
Cottbus 98 359
50%
Bernau bei Berlin 43 685
13%
Blankenfelde-Mahlow 29 159
13%
Königs Wusterhausen 38 929
13%
Neuruppin 31 001
13%
Oranienburg 47 752
13%
Teltow 27 697
13%
Eberswalde 41 461
0%
Falkensee 44 806
0%
Fürstenwalde 32 646
0%
Hennigsdorf 26 728
0%
Hohen Neuendorf 27 139
0%
Ludwigsfelde 28 424
0%
Schwedt/Oder 33 495
0%
Strausberg 27 344
0%
Werder 27 039
0%
Aucun quiz correspondant
Distribution des résultats
% des personnes avec chaque résultat
Percentile par nombre de réponses
Votre historique - résultats
Vous n’avez pas pris ce quiz